| Tag |
First Indicator |
Second Indicator |
Subfields |
| LEADER |
00000cam a2200000 a 4500 |
| 001 |
in00005778900 |
| 005 |
20260417175904.0 |
| 008 |
770308s1972 txu 000 0 eng d |
| 040 |
|
|
|a TXU
|b eng
|c TXU
|d CQA
|d OCL
|d OCLCQ
|d OCLCG
|d ZP7
|d OCLCQ
|d OCLCF
|d OCLCQ
|d OCLCA
|d FHL
|d CLU
|d OCLCO
|d OCLCQ
|d OCLCL
|
| 019 |
|
|
|a 192099711
|
| 035 |
|
|
|a (OCoLC)2785526
|z (OCoLC)192099711
|
| 043 |
|
|
|a n-us-nm
|
| 050 |
|
4 |
|a F804.N373
|b C76
|
| 082 |
0 |
4 |
|a 978.926
|b S
|
| 100 |
1 |
|
|a Stanley, F.
|q (Francis),
|d 1908-1996.
|1 https://id.oclc.org/worldcat/entity/E39PCjBYBkP6f4QvMvGkwMg3Qq
|
| 245 |
1 |
4 |
|a The Nara Visa, New Mexico story /
|c by F. Stanley.
|
| 260 |
|
|
|a Nazareth, Tex. :
|b F. Stanley,
|c 1972.
|
| 300 |
|
|
|a 24 pages ;
|c 22 cm
|
| 336 |
|
|
|a text
|b txt
|2 rdacontent
|
| 337 |
|
|
|a unmediated
|b n
|2 rdamedia
|
| 338 |
|
|
|a volume
|b nc
|2 rdacarrier
|
| 490 |
0 |
|
|a New Mexico local histories series
|
| 500 |
|
|
|a Limited to 400 copies.
|
| 500 |
|
|
|a The Cushing Library/Dykes copy [A1485348896N] is part of the Jim & Theresa Earle Collection.
|
| 500 |
|
|
|a The Cushing Library/Dykes copy [A1485348896N] is signed by author Francis Stanley.
|
| 651 |
|
0 |
|a Nara Visa (N.M.)
|x History.
|
| 651 |
|
7 |
|a New Mexico
|z Nara Visa.
|2 fast
|0 (OCoLC)fst01305954
|1 https://id.oclc.org/worldcat/entity/E39PBJbxDFCDvYxQFThFH3JqwC
|
| 651 |
|
7 |
|a United States, New Mexico, Quay, Nara Visa
|x History.
|2 fssh
|
| 655 |
|
7 |
|a History.
|2 fast
|0 (OCoLC)fst01411628
|
| 758 |
|
|
|i has work:
|a The Nara Visa, New Mexico story (Text)
|1 https://id.oclc.org/worldcat/entity/E39PCFxFb6vpK4H38cqRfFfXMK
|4 https://id.oclc.org/worldcat/ontology/hasWork
|
| 994 |
|
|
|a Z0
|b TXA
|
| 948 |
|
|
|h HELD BY TXA - 49 OTHER HOLDINGS
|
| 999 |
f |
f |
|i 14293550-1e35-4043-b9a5-ad8060728b84
|s b8b401db-52a1-4ee8-beab-b85abc1eb6c8
|t 0
|
| 952 |
f |
f |
|p noncirc
|a Texas A&M University
|b College Station
|c Cushing Memorial Library & Archives
|s cush dyks
|d Cushing: Dykes (Does not check out)
|t 0
|e F804.N373 C76 1972
|h Library of Congress classification
|i unmediated -- volume
|m A1485348896N
|
| 998 |
f |
f |
|a F804.N373 C76 1972
|t 0
|l Cushing: Dykes (Does not check out)
|